Minority rights and constitutional reforms in Sri Lanka: (Record no. 3269)

MARC details
000 -LEADER
fixed length control field 00714nam a2200205 4500
003 - CONTROL NUMBER IDENTIFIER
control field LK-CoMWRAF
005 - DATE AND TIME OF LATEST TRANSACTION
control field 20231122131456.0
008 - FIXED-LENGTH DATA ELEMENTS--GENERAL INFORMATION
fixed length control field 230826b2001 |||||||| |||| 00| 0 eng d
040 ## - CATALOGING SOURCE
Original cataloging agency LK-CoMWRAF
Modifying agency LK-CoMWRAF
Description conventions LK-CoMWRAF
041 ## - LANGUAGE CODE
Language code of text/sound track or separate title English
082 ## - DEWEY DECIMAL CLASSIFICATION NUMBER
Classification number 305.8
Item number MOH
942 ## - ADDED ENTRY ELEMENTS (KOHA)
Koha item type Books
100 ## - MAIN ENTRY--PERSONAL NAME
Personal name Mohideen, M. I. M.
245 ## - TITLE STATEMENT
Title Minority rights and constitutional reforms in Sri Lanka:
Remainder of title a Muslim point of view
260 ## - PUBLICATION, DISTRIBUTION, ETC. (IMPRINT)
Place of publication, distribution, etc. Colombo:
Name of publisher, distributor, etc. Muslim National Peoples Alliance
Date of publication, distribution, etc. 2001
300 ## - PHYSICAL DESCRIPTION
Extent v, 85 p
856 ## - ELECTRONIC LOCATION AND ACCESS
Uniform Resource Identifier <a href="http://ar.lib.seu.ac.lk/xmlui/bitstream/handle/123456789/2229/MI011897-WHOLE%20PAGE.pdf?sequence=5&isAllowed=y">http://ar.lib.seu.ac.lk/xmlui/bitstream/handle/123456789/2229/MI011897-WHOLE%20PAGE.pdf?sequence=5&isAllowed=y</a>
650 ## - SUBJECT ADDED ENTRY--TOPICAL TERM
Topical term or geographic name as entry element MUSLIM MINORITY-SRI LANKA
650 ## - SUBJECT ADDED ENTRY--TOPICAL TERM
Topical term or geographic name as entry element Constitutional reforms-sri Lanka
Holdings
Withdrawn status Lost status Damaged status Not for loan Permanent Location Current Location Date acquired Full call number Barcode Koha item type
        Resource center, Muslim Women's Research And Action Forum Resource center, Muslim Women's Research And Action Forum 2023-08-26 305.8 MOH RAF164 Books

Copyright © 2023 Muslim Women's Research and Action Forum (MWRAF), No 27/3, Anderson Road, Kalubowila, Dehiwela. Funded by The Asia Fundation